Statistics for WJSN Discography

Click here to take the quiz!

General Stats

  • This quiz has been taken 51 times
    (41 since last reset)
  • The average score is 43 of 80

Answer Stats

AlbumsAnswer% Correct
As You WishAs You Wish
92%
NeverlandBUTTERFLY
92%
HAPPY MOMENTHAPPY
92%
Would You Like ?MoMoMo
92%
The SecretSecret
92%
UNNATURALUNNATURAL
92%
WJ PLEASE?Save Me, Save You
88%
For The SummerBoogie Up
83%
Dream Your DreamDreams Come True
83%
Hmph!Hmph!
83%
My AttitudeEasy
79%
From. WJSNI Wish
71%
KISS MEKISS ME
71%
My AttitudeKiss Your Lips
71%
NeverlandOur Garden
71%
HAPPY MOMENTBabyface
67%
WJ STAY?Cantabile
67%
WJ STAY?La La Love
67%
UNNATURALLast Dance
67%
UNNATURALYALLA
67%
NeverlandHOLA
63%
As You WishLuckitty-Cat
63%
WJ PLEASE?Masquerade
63%
UNNATURALNew Me
63%
NeverlandPantomime
63%
The SecretPrince
63%
NeverlandTra-La
63%
As You WishBADABOOM
58%
Would You Like ?Catch Me
58%
From. WJSNPerfect
58%
Dream Your DreamRenaissance
58%
The SecretROBOT
58%
HAPPY MOMENTMr. Badboy
54%
Dream Your DreamThawing
54%
WJ STAY?UJUNG
54%
NeverlandWhere You Are
54%
WJ PLEASE?You & I
54%
WJ PLEASE?You, you, you
54%
The SecretBeBe
50%
WJ PLEASE?I-Yah
50%
For The SummerOH MY SUMMER
50%
HAPPY MOMENTPlop Plop
50%
Would You Like ?Space Cowgirl
50%
WJ STAY?Star
50%
HAPPY MOMENTSUGAR
50%
UNNATURALSUPER MOON
50%
Would You Like ?Tick-Tock
50%
Hmph!Ya Ya Ya
50%
As You WishDon't Touch
46%
HAPPY MOMENTGeeminy
46%
From. WJSNHug U
46%
For The SummerLet's Dance
46%
Dream Your DreamLOVE O'CLOCK
46%
WJ STAY?Memories
46%
HAPPY MOMENTMiracle
46%
UNNATURALREWIND
46%
As You WishWW
46%
WJ STAY?You Got
46%
WJ STAY?12 O'clock
42%
As You WishFull Moon
42%
The SecretGood Night
42%
WJ PLEASE?Hurry Up
42%
As You WishLIGHTS UP
42%
For The SummerMy Type
42%
For The SummerSugar Pop
42%
The SecretWould You Kiss Me ?
42%
HAPPY MOMENTB.B.B.Boo
38%
HAPPY MOMENTFollow Me
38%
Dream Your DreamStarry Moment
38%
Would You Like ?Take My Breath
38%
From. WJSNBaby Come To Me
33%
Xuan Yi - 2525
29%
Cheng Xiao - Focus-XFocus-X
29%
From. WJSNSay Yes
29%
HAPPY MOMENTCloser To You
25%
Mei Qi - Love or notMute
13%
Xuan Yi - 25Betty Baby
8%
Mei Qi - Love or notMiss You
8%
Xuan Yi - 25Pink Blue Sunset
8%
Mei Qi - Love or notQuit
8%

Score Distribution

Percentile by Number Answered

Percent of People with Each Score

Your Score History

You have not taken this quiz since the last reset